Britney songs by clues of their videos - Statistics

General Stats
  • This quiz has been taken 77 times
  • The average score is 15 of 38
Answer Stats
Hint Answer % Correct
School Baby one more time
98%
Airplane Toxic
81%
Planet Mars Oops I did it again
79%
She dies in the bathtub Everytime
77%
She wins an Oscar Lucky
75%
Chair choreography Stronger
66%
Pole bar Gimme more
62%
Ringleader Circus
55%
Gossip magazines Piece of me
53%
Hits people with a mic I wanna go
51%
Austin Powers Boys
49%
A car falls into a pool My prerogative
47%
Anime Break the ice
45%
Multiple Britneys Womanizer
43%
2 Britneys fight Hold it against me
42%
Shark pool Work b****
42%
Grand canyon I'm not a girl, not yet a woman
40%
Polo Radar
38%
News cast If u seek amy
36%
Jukebox I love rock n roll
36%
Casting call Make me
34%
Someone disapears when she tries to kiss that person Me against the music
34%
Her sons are in it Oh la la
32%
An alien shows up at her pool Pretty girls
32%
She flies in a pink car Do something
30%
Basketball Outrageous
28%
Shooting Criminal
26%
Pregnancy Someday
26%
Deck Sometimes
26%
Paradise island Don't let me be the last to know
25%
Swing From the bottom of my broken heart
23%
She leaks milk from a table Slumber party
23%
Sweat I'm a slave for you
21%
Milkshake You drive me crazy
19%
It's all a dream Born to make you happy
15%
Frannel shirt Perfume
13%
Sewer Til the world ends
13%
Adidas tracksuit Scream and shout
9%
No matching quizzes found
Score Distribution
Percent of People with Each Score
Percentile by Number Answered
Your Score History
You have not taken this quiz